Las agencias de desarrollo regional y la promoción del desarrollo local en el estado español / (Registro nro. 8607)

Detalles MARC
000 -LEADER
fixed length control field 01188nam a2200217Ia 4500
003 - CONTROL NUMBER IDENTIFIER
control field OSt
005 - DATE AND TIME OF LATEST TRANSACTION
control field 20211102104019.0
008 - FIXED-LENGTH DATA ELEMENTS--GENERAL INFORMATION
fixed length control field 210310s2000 cl ab fr 000 0 spa d
040 ## - CATALOGING SOURCE
Original cataloging agency CO-JMCR
Transcribing agency CO-JMCR
041 0# - LANGUAGE CODE
Language code of text/sound track or separate title spa
082 04 - DEWEY DECIMAL CLASSIFICATION NUMBER
Classification number 338.946 /
Item number A345a
Edition number 23
100 1# - MAIN ENTRY--PERSONAL NAME
Personal name Alburquerque Llorens, Francisco,
9 (RLIN) 17766
Relator term autor
245 14 - TITLE STATEMENT
Title Las agencias de desarrollo regional y la promoción del desarrollo local en el estado español /
Statement of responsibility, etc. Francisco Alburquerque Llorens
260 ## - PUBLICATION, DISTRIBUTION, ETC.
Place of publication, distribution, etc. Santiago de Chile :
Name of publisher, distributor, etc. Comisión Económica para América Latina y el Caribe,
Date of publication, distribution, etc. 2000
300 ## - PHYSICAL DESCRIPTION
Extent iii, 50 páginas :
Other physical details ilustraciones y mapas a blanco y negro ;
Dimensions 28 cm.
490 0# - SERIES STATEMENT
Series statement Proyecto Cepal/GTZ "Desarrollo económico local y descentralización en América Latina"
504 ## - BIBLIOGRAPHY, ETC. NOTE
Bibliography, etc. note Bibliografía: páginas 41-42
505 0# - FORMATTED CONTENTS NOTE
Formatted contents note Las políticas de fomento productivo y desarrollo empresarial: lecciones de la experiencia europea -- La política de desarrollo empresarial en la comunidad valenciana -- La política de innovación empresaria en la comunidad autónoma de Castilla y León -- Modelo de desarrollo comarcal en Galicia --
650 14 - SUBJECT ADDED ENTRY--TOPICAL TERM
Topical term or geographic name entry element Desarrollo empresarial
9 (RLIN) 17768
Geographic subdivision España
942 ## - ADDED ENTRY ELEMENTS (KOHA)
Source of classification or shelving scheme Dewey Decimal Classification
Koha item type Books
Existencias
Withdrawn status Lost status Source of classification or shelving scheme Damaged status Not for loan Collection code Home library Current library Date acquired Source of acquisition Full call number Barcode Date last seen Copy number Koha item type
    Dewey Decimal Classification     Non-fiction Biblioteca Pública José María del Castillo y Rada Biblioteca Pública José María del Castillo y Rada 04/15/2018 Donación 338.946 / A345a 430004991 05/16/2024 Ej.1 Books